| 000 | 00699nam a22002297a 4500 | ||
|---|---|---|---|
| 999 |
_c1260 _d1260 |
||
| 001 | 13336 | ||
| 003 | BD-DhUAP | ||
| 005 | 20200204132157.0 | ||
| 008 | 200204s2007 bg ||||| b||| 00| 0 eng d | ||
| 020 | _a9843000006310 | ||
| 040 |
_aBD-DhUAP _bEng _cBD-DhUAP _dBD-DhUAP |
||
| 082 |
_223 _a341.48 KHA |
||
| 100 | _aKhan, Arif. | ||
| 245 |
_aContemporary issues on international law and human rights : _bBangladesh perspective / _cArif Khan. |
||
| 250 | _a1st ed. | ||
| 260 |
_aDhaka, Bangladesh : _bCCB Foundation, _cc2007. |
||
| 300 |
_axiv, 560 pages ; _c22 cm. |
||
| 504 | _aIncludes bibliographies. | ||
| 650 |
_aHuman rights _zBangladesh. |
||
| 650 | _aInternational Law. | ||
| 942 |
_2ddc _cBK |
||